|
|
|
|
| LEADER |
00000nam2a2200000 4500 |
| 001 |
371999 |
| 005 |
20250225063229.0 |
| 035 |
|
|
|a (RuTPU)RU\TPU\retro\29413
|
| 035 |
|
|
|a RU\TPU\retro\29411
|
| 090 |
|
|
|a 371999
|
| 100 |
|
|
|a 20221209d1968 k y0rusy50 ca
|
| 101 |
0 |
|
|a rus
|
| 102 |
|
|
|a RU
|
| 105 |
|
|
|a a z 101zy
|
| 200 |
0 |
|
|a Т. 196 : Геометрический сборник
|e сборник статей
|h Вып. 7
|f Томский государственный университет ; под ред. Р. Н. Щербакова
|
| 210 |
|
|
|d 1968
|
| 215 |
|
|
|a 176 с.
|c ил.
|
| 225 |
1 |
|
|a Серия механико-математическая
|
| 320 |
|
|
|a Библиогр. в конце ст.
|
| 461 |
|
1 |
|0 (RuTPU)RU\TPU\book\211718
|t Труды Томского государственного университета
|f Томский государственный университет (ТГУ) ; отв. ред. А. П. Бычков
|v Т. 196 : Геометрический сборник
|d 1932-
|
| 606 |
1 |
|
|a Математика высшая
|2 stltpush
|3 (RuTPU)RU\TPU\subj\3986
|9 32308
|
| 606 |
1 |
|
|a Геометрия высшая
|2 stltpush
|3 (RuTPU)RU\TPU\subj\3985
|9 32307
|
| 610 |
1 |
|
|a дифференциальная геометрия
|
| 610 |
1 |
|
|a теорема Картана
|
| 610 |
1 |
|
|a многомерное пространство
|
| 610 |
1 |
|
|a конгруэнции
|
| 610 |
1 |
|
|a поверхности
|
| 610 |
1 |
|
|a геометрические объекты
|
| 610 |
1 |
|
|a евклидово пространство
|
| 675 |
|
|
|a 514
|v 3
|
| 702 |
|
1 |
|a Щербаков
|b Р. Н.
|4 340
|
| 712 |
0 |
2 |
|a Томский государственный университет
|c 1917-2009
|7 ca
|8 rus
|2 stltpush
|3 (RuTPU)RU\TPU\col\397
|9 23396
|
| 801 |
|
1 |
|a RU
|b 63413507
|c 20081105
|g PSBO
|
| 801 |
|
2 |
|a RU
|b 63413507
|c 20221209
|g PSBO
|
| 942 |
|
|
|c BK
|